000 00434nam a2200181Ia 4500
008 230524s9999 xx 000 0 und d
020 _a8174090797
082 _a621.382
_bGAN
100 _aK.A.Gangadhar
_98836
245 0 _aField Theroy
250 _a15TH
260 _aNEW DELHI
_bKhanna
_c2004
300 _aXIV;838
500 _aQuantity Number: 1
650 _aElectrical
700 _a P.M.Ramanathan
_98837
942 _cBK
999 _c12753
_d12753